000 00370 a2200169 4500
001 49756
020 _a8516035433
040 _cAnchieta - Bela Vista
100 _aCarrasco, Walcyr
240 1 0 _aO menino narigudo
_lpor
245 1 0 _aO menino narigudo
300 _a80
362 0 _a2003
440 1 _aModerna
650 4 _aLiteratura infanto-juvenil
942 _cBK
999 _c49756
_d49756